| 000 | 00392nam a22001577a 4500 | ||
|---|---|---|---|
| 003 | MACL | ||
| 005 | 20160129142104.0 | ||
| 008 | 160129b xxu||||| |||| 00| 0 eng d | ||
| 040 | _cMACL | ||
| 041 | _aEnglish | ||
| 082 | _a005.118/VAU | ||
| 245 | _aOracle Programming With Visual Basic | ||
| 260 |
_aNew Delhi _bBPB Publications |
||
| 650 |
_aComputer Programming _920374 |
||
| 942 |
_2ddc _cBK |
||
| 999 |
_c52915 _d52915 |
||